Palliative care for people with AIDS / (Record no. 4175)

000 -LEADER
fixed length control field 01081nam a2200313 a 4500
003 - CONTROL NUMBER IDENTIFIER
control field ALUPE UNIVERSITY COLLEGE
005 - DATE AND TIME OF LATEST TRANSACTION
control field 20220318094350.0
008 - FIXED-LENGTH DATA ELEMENTS--GENERAL INFORMATION
fixed length control field 950703s1995 enka 001 0 eng d
020 ## - INTERNATIONAL STANDARD BOOK NUMBER
International Standard Book Number 0340613718 (pbk.)
040 ## - CATALOGING SOURCE
Transcribing agency ALUPE UNIVERSITY COLLEGE
050 ## - LIBRARY OF CONGRESS CALL NUMBER
Classification number RC607
Item number .S56 1995
092 ## - LOCALLY ASSIGNED DEWEY CALL NUMBER (OCLC)
Classification number D0503485025
100 1# - MAIN ENTRY--PERSONAL NAME
Personal name Sims, Ruth.
245 10 - TITLE STATEMENT
Title Palliative care for people with AIDS /
Statement of responsibility, etc. Ruth Sims, Veronica A. Moss.
250 ## - EDITION STATEMENT
Edition statement 2nd ed.
260 ## - PUBLICATION, DISTRIBUTION, ETC.
Place of publication, distribution, etc. London :
Name of publisher, distributor, etc. Edward Arnold,
Date of publication, distribution, etc. c1995.
300 ## - PHYSICAL DESCRIPTION
Extent xix, 170 p. :
Other physical details ill. ;
Dimensions 22 cm.
500 ## - GENERAL NOTE
General note First edition published as "Terminal care for people with AIDS" in 1991
504 ## - BIBLIOGRAPHY, ETC. NOTE
Bibliography, etc. note Includes bibliographical references.
650 #0 - SUBJECT ADDED ENTRY--TOPICAL TERM
Topical term or geographic name entry element AIDS (Disease)
General subdivision Palliative treatment.
650 #0 - SUBJECT ADDED ENTRY--TOPICAL TERM
Topical term or geographic name entry element Terminal care.
650 #2 - SUBJECT ADDED ENTRY--TOPICAL TERM
Topical term or geographic name entry element Acquired Immunodeficiency Syndrome.
650 #2 - SUBJECT ADDED ENTRY--TOPICAL TERM
Topical term or geographic name entry element Palliative Care.
700 1# - ADDED ENTRY--PERSONAL NAME
Personal name Moss, Veronica A.
700 1# - ADDED ENTRY--PERSONAL NAME
Personal name Sims, Ruth.
Title of a work Terminal care for people with AIDS.
942 ## - ADDED ENTRY ELEMENTS (KOHA)
Source of classification or shelving scheme
Koha item type Book
Holdings
Withdrawn status Lost status Source of classification or shelving scheme Damaged status Not for loan Permanent Location Current Location Shelving location Date acquired Source of acquisition Total Checkouts Full call number Barcode Date last seen Price effective from Koha item type Public note
          AU LIBRARY AU LIBRARY Open Shelf 18.03.2022 DONATION FROM MOI UNIVERSITY   RC607 .S56 1995 28006105 18.03.2022 18.03.2022 Book WO

Powered by Koha